000 00871cam a2200205 i 4500
005 20251214120051.0
008 250721s2008 xx gr 000 0 ara d
082 1 4 _a216.7
_bع ط و
100 1 _aالعطوي، محمد فريج مطلق الضرج
_eمؤلف.
245 1 0 _aعقوبة الإعدام ووسائل تنفيذها الحديثة :
_bدراسة مقارنة بين الشريعة و القانون /
_cمحمد فريج مطلق الضرج العطوي.
250 _aالطبعة الاولى.
264 3 1 _aعمان :
_bمطبعة الأزهر و موؤسسة رام للكمبيوتر،
_c2008.
300 _a407 صفحة.
650 1 7 _aالفقه الاسلامي.
650 1 7 _aالعقوبات.
650 1 7 _aعقوبه الاعدام.
650 1 7 _aالقانون الجنااي.
942 _2ddc
_cBK
999 _c100905
_d100905